000 00315nam a22001337a 4500
008 250721b |||||||| |||| 00| 0 eng d
020 _a0134864409
050 _aHD30.25
_b.E66
100 _aEPPEN
245 _aIntroductory Management Science
260 _aUnited States
_bGould
_c2017
300 _aNil
942 _cBK
999 _c4355
_d4355